|
|
|
|
| LEADER |
00000naa2a2200000 4500 |
| 001 |
176229 |
| 005 |
20231031165238.0 |
| 035 |
|
|
|a (RuTPU)RU\TPU\book\191060
|
| 090 |
|
|
|a 176229
|
| 100 |
|
|
|a 20100225d2009 k y0rusy50 ca
|
| 101 |
0 |
|
|a rus
|
| 102 |
|
|
|a RU
|
| 200 |
1 |
|
|a Некоторые аспекты внутреннего Интернет-маркетинга культурных объектов
|f О. А. Христолюбова
|
| 320 |
|
|
|a Библиогр.: 5 назв.
|
| 463 |
|
0 |
|0 (RuTPU)RU\TPU\book\186921
|t Т. 2
|v С. 97-99
|d 2009
|p 192 с.
|
| 610 |
1 |
|
|a интернет-маркетинг
|
| 610 |
1 |
|
|a компании
|
| 610 |
1 |
|
|a сайты
|
| 610 |
1 |
|
|a маркетинговые исследования
|
| 610 |
1 |
|
|a оперативность
|
| 610 |
1 |
|
|a услуги
|
| 610 |
1 |
|
|a анкетирование
|
| 610 |
1 |
|
|a наблюдение
|
| 610 |
1 |
|
|a информация
|
| 610 |
1 |
|
|a труды учёных ТПУ
|
| 700 |
|
1 |
|a Христолюбова
|b О. А.
|
| 801 |
|
1 |
|a RU
|b 63413507
|c 20100225
|
| 942 |
|
|
|c BK
|